History's mysteries. D-Day / The best kept secret :

"In Search of History" journeys 2,000 years from ancient times to the present, taking a closer look at the events, places, and hidden mysteries that have puzzled and inspired historians and experts across the ages. The unmitigated success of the Allies' "Operation Overlord"-...

Full description

Bibliographic Details
Other Authors: Orr, Gregory, 1954- (Producer), Ackroyd, David (Narrator)
Format: Video
Language:English
Language Notes:In English.
Published: New York, NY : A&E Television Networks, 1998.
Series:Academic Video Online
Subjects:
Online Access:Connect to this streaming video (Alexander Street Press)

MARC

Tag First Indicator Second Indicator Subfields
LEADER 00000cgm a2200000Mi 4500
001 in00005572829
006 m o c
007 cr |n||||||||a
007 vz |za|z|
008 200901s1998 nyu041 e o vleng d
005 20241201232059.0
035 |a (OCoLC)on1195890643 
040 |a ALSTP  |b eng  |e rda  |c ALSTP  |d OCLCO  |d OCLCF  |d OCLCO  |d OCLCL  |d OCLCQ  |d NUI 
019 |a 1373528171  |a 1430849118  |a 1443985202 
035 |a (OCoLC)1195890643  |z (OCoLC)1373528171  |z (OCoLC)1430849118  |z (OCoLC)1443985202 
049 |a TXAM 
245 0 0 |a History's mysteries.  |p The best kept secret :  |b D-Day /  |c produced by Gregory Orr ; produced by FilmRoos, Inc. for the History Channel. 
246 1 3 |a D-Day :  |b the best kept secret 
264 1 |a New York, NY :  |b A&E Television Networks,  |c 1998. 
300 |a 1 online resource (41 minutes) 
306 |a 004041 
336 |a two-dimensional moving image  |b tdi  |2 rdacontent 
337 |a computer  |b c  |2 rdamedia 
337 |a video  |b v  |2 rdamedia 
338 |a online resource  |b cr  |2 rdacarrier 
347 |a video file  |2 rda 
490 0 |a Academic Video Online 
500 |a Title from resource description page (viewed September 1, 2020). 
511 0 |a Narrated by David Ackroyd. 
520 |a "In Search of History" journeys 2,000 years from ancient times to the present, taking a closer look at the events, places, and hidden mysteries that have puzzled and inspired historians and experts across the ages. The unmitigated success of the Allies' "Operation Overlord"--the Normandy Invasion that cracked the Nazis' Atlantic defense--depended on an elaborate plan to fool the Germans as to when and where the assault would hit. 
546 |a In English. 
650 0 |a World War, 1939-1945  |x Campaigns  |z France  |z Normandy. 
650 7 |a Military campaigns  |2 fast  |0 (OCoLC)fst01710190 
651 7 |a France  |z Normandy  |2 fast  |0 (OCoLC)fst01210709 
647 7 |a World War  |d (1939-1945)  |2 fast  |0 (OCoLC)fst01180924  |1 https://id.oclc.org/worldcat/entity/E39Qhp4vBbhpRH9XvjbDFXtxhb 
648 7 |a 1939-1945  |2 fast 
655 7 |a Documentary television programs  |2 fast  |0 (OCoLC)fst01710387 
655 7 |a Documentary television programs.  |2 lcgft 
655 7 |a Documentaires télévisés.  |2 rvmgf 
700 1 |a Orr, Gregory,  |d 1954-  |e producer.  |1 https://id.oclc.org/worldcat/entity/E39PBJhMqbdc6TxPcm6pbBkCcP 
700 1 |a Ackroyd, David,  |e narrator. 
710 2 |a Filmroos Inc.,  |e production company. 
758 |i has work:  |a History's mysteries The best kept secret (MovingImage)  |1 https://id.oclc.org/worldcat/entity/E39PCGCbkgWxPTRK33JCXyrWH3  |4 https://id.oclc.org/worldcat/ontology/hasWork 
856 4 0 |u http://proxy.library.tamu.edu/login?url=https://www.aspresolver.com/aspresolver.asp?MARC;4101284  |z Connect to this streaming video (Alexander Street Press)  |t 0 
955 |a Alexander Street Press subscription streaming video 
994 |a 92  |b TXA 
999 f f |s 9702a6b4-492c-472f-8426-49dfff5f01f8  |i 8ea41517-2668-4daa-8399-f2e99406efa8  |t 0 
952 f f |a Texas A&M University  |b College Station  |c Electronic Resources  |d Available Online  |t 0  |h Library of Congress classification 
998 f f |t 0  |l Available Online